Cities and landscapes of United Kingdom by image - Statistics

General Stats
  • This quiz has been taken 34 times
  • The average score is 16 of 25
Answer Stats
Picture Answer % Correct
Stonehenge
100%
Brighton
94%
Windsor Castle
94%
London
91%
Oxford
88%
White Cliffs of Dover
88%
Cambridge
85%
Edinburgh
85%
Bath
76%
Liverpool
76%
Newcastle
76%
Giant's Causeway
64%
York
64%
Gibraltar
55%
Belfast
48%
Birmingham
48%
Highlands
48%
Manchester
48%
Canterbury
45%
Cotswolds
45%
Loch Ness
39%
Cornwall
33%
Glasgow
27%
Isle of Skye
18%
Cardiff
15%
No matching quizzes found
Score Distribution
Percent of People with Each Score
Percentile by Number Answered
Your Score History
You have not taken this quiz